03268nam a2200337uu 4500001000800000005001700008008004100025020001500066035001200081040001300093041000800106082000800114100004400122245009600166260005300262300001800315336009100333490003100424505045400455520151500909600004002424650003302464650002502497650003302522650003902555651003702594700008602631942000902717999001902726952018502745153257720260508093646.0190823s1993 spa  a9505571712 a1532577 ccomduadb aspa 4a94310aHerf, Jeffrey,d1947-4auteaut979068613aEl modernismo reaccionario : tecnología, cultura y política en Weimar y el Tercer Reich aMéxico :bFondo de Cultura Económica,c1993. a515 páginas atextobtxt0(uri)http://www.rdaregistry.info/termList/RDAContentType/#10202rdacontent0 aColección Popular ;v455 aCONTENIDO : La paradoja del modernismo reaccionario. -- La revolución conservadora de Weimar. -- Oswald Spengler : Antinomias burguesas, conciliaciones reaccionarias. -- El realismo mágico de Ernst Junger. -- La tecnología y tres pensadores mandarines. -- Werner Sombart : la tecnología y la cuestión judía. -- Los ingenieros como ideólogos. -- El modernismo reaccionario en el Tercer Reich. -- Conclusión. -- Ensayo bibliográfico.3 aLa interpretación de una tradición cultural que Jeffrey Herf llama modernismo reaccionario tiene aquí su punto de partida en la idea de la dialéctica de la Ilustración debida a Theodor Adorno y Max Horkheimer, y en las controvertidas opiniones sustentadas por Herbert Marcuse respecto la interrelación entre tecnología y sociedad. La idea fundamental de Herf es la siguiente: "Antes y después de la toma del poder por parte de los nazis, una corriente importante dentro de la ideología conservadora y luego dentro de la ideología nazi fue una conciliación entre las ideas antimodernistas, románticas e irracionales del nacionalismo alemán y la manifestación más obvia de la racionalidad de medios y fines, es decir, la tecnología moderna." El autor reconsidera la influencia que en la revolución conservadora de Weimar tuvieron Hans Freyer, Ernst Jünger, Carl Schmitt, Wemer Sombart y Oswald Spengler, para matizar la paradoja resultante de rechazar la Ilustración y aceptar el progreso tecnológico, reorientado básicamente a ciertas necesidades militares e industriales transformadas en virtudes nacionales. Se pensaba entonces que Alemania podría alcanzar ese romanticismo altamente tecnológico, como tan acertadamente lo definió Thomas Mann. En consecuencia, el autor demuestra que una de las tareas ineludibles del sociólogo es desentrañar las conexiones -a veces elusivas- entre la estructura socioeconómica, las tendencias culturales y la política.14aJünger, Ernst,d1895-19989504683 aRepública de Weimar950462 aTercer Reich9151927 aTecnología y Estado923254 aSpengler, Oswald 1880-19369122881 7aAlemaniaxHistoria2lemb985703810aSuárez, Eduardo L.4trl0(isni)0000 0000 0034 60880(viaf)54232742etrl9516045 cBOOK c804800d804800 00102ddc40708GENERALaCARMEbCARMEd2019-08-23eMaterial adquirido por donaciónfDONAg70000.00iC1319134l0o943.085 H544p01066531r2023-05-04 00:00:00t1w2023-05-04yBOOK